000 01027nam a22003137a 4500
003 CHAP
005 20220329141622.0
008 971013s1967 r 00010 d
010 _a71132
011 _a72104
035 _a81658
040 _cCHAP
090 _aTesis
100 0 0 _aGalet, Pierre.
_944236
245 _aRecherches sur les methods d'identification et classification des vitacees des zones temperatures
260 _aMontpellier :
_bLe auteur,
_c1967
300 _a2 v.
_b: ilus.
502 _aTesis (Docteur Es-sciences Naturalles) -- Universite de Montpellier. Faculte de Sciences
590 _aALEPH
_b10
_c20130110
_lUCH01
_h1411
590 _aBATCH-UPD
_b10
_c20130110
_lUCH01
_h1725
590 _aBATCH-UPD
_b10
_c20130410
_lUCH01
_h1107
590 _aBATCH-UPD
_b10
_c20130914
_lUCH01
_h0736
590 _aCONVERSION
_b10
_c20130109
_lUCH01
_h1339
650 1 4 _aBotánica
_xClasificación.
_914516
650 1 4 _aVid.
_9119097
901 _aBK
942 _cTESIS
949 _bBC
_cTES
_d-35212
_eTS1
_i81658
_si
999 _c71132
_d71132